000 00423nam a2200169Ia 4500
008 240729s9999 xx 000 0 und d
022 _a1805-4196
245 0 _aJournal of Landscape Ecology
260 _aPoland
260 _bSciendo
650 _a Biology (General)
650 _a Ecology
650 _aScience
856 _uhttps://doaj.org/toc/af23bab1192448c89f578112077ae882
942 _2ddc
942 _cDOAJEJ
999 _c72194
_d72194
945 _a1
_bMadushi Gamage
_c1
_dMadushi Gamage